000 00628nam a2200241Ia 4500
003 OSt
005 20220918195327.0
006 a|||||r|||| 00| 0
007 ta
008 220917b |||||||| |||| 00| 0 eng d
024 _a84,597
037 _cTextual
040 _aARTS
_cARTS
_beng
041 _2eng
_aeng
082 _aSM91:7.2, M0
100 _aKundu C
_990040
245 0 _aRorschach psychodiagnostics
_b an Indian case study
260 _aKurukshetra
_bVishal
_c1980
300 _a159p.
_ccm.
650 _aPSYCHOLOGY
942 _hSM91:7.2, M0
_cTEXL
_2CC
999 _c208311
_d208311